Public attitudes toward church and state
Αποθηκεύτηκε σε:
| Κύριος συγγραφέας: | |
|---|---|
| Άλλοι συγγραφείς: | |
| Μορφή: | Βιβλίο |
| Γλώσσα: | English |
| Δημοσίευση: |
London :
M.E. Sharpe,
c1995
|
| Σειρά: | American political institutions and public policy
|
| Θέματα: | |
| Ετικέτες: |
Προσθήκη ετικέτας
Δεν υπάρχουν, Καταχωρήστε ετικέτα πρώτοι!
|
MARC
| LEADER | 00000nam a2200000 i 4500 | ||
|---|---|---|---|
| 001 | 1/25506 | ||
| 008 | 981208s1995 eng d | ||
| 020 | |a 1-56324-149-8 | ||
| 035 | |l 10037352 | ||
| 040 | |a GR-MY-UA |b gre |e aacr | ||
| 041 | 0 | |a eng | |
| 082 | 0 | |a 322.10973 | |
| 100 | 1 | |a Jelen, Ted G. | |
| 245 | 1 | 0 | |a Public attitudes toward church and state / |c Ted G. Jelen; Clyde Wilcox |
| 260 | |a London : |b M.E. Sharpe, |c c1995 | ||
| 300 | |a 189 p. |b tabl. | ||
| 490 | 1 | |a American political institutions and public policy | |
| 504 | |a Includes bibliographical references and index | ||
| 650 | 0 | 0 | |a Church and state |z United States |x Public opinion. |
| 650 | 0 | 0 | |a Religion and state |z United States |x Public opinion. |
| 651 | 0 | |a United States |x Public opinion. | |
| 700 | 1 | |a Wilcox, Clyde |d 1953- | |
| 830 | 0 | |a American political institutions and public policy | |
| 852 | |a INST |b LESVOS |e 19981208 |h 322.10973 JEL |p 005100017617 |q 005100017617 |t BK |y 0 | ||
| 901 | |a BIBL-1999-1 | ||
| 909 | |a Λ |b 060209 | ||
| 922 | |a 1ΕΛΗ |b 199810 |c ΚΠΣ/ΤΚ |d ΠΑΠΑΣΩΤΗΡΙΟΥ | ||
| 950 | |a 103-1998-07-27 | ||